000 00443 a2200169 4500
001 066464
003 OSt
005 20210929102212.0
008
082 _a658.5
_bY84E
100 1 _aYoung, Scott. T.
245 1 _aEssentials of operations management
_cby Scott T. Young
260 _aLondon
_bSage Publication
_c2009
300 _a374p.
690 _aManagement; Production management
942 _2ddc
_cBK
999 _c515
_d515